• 首页
  • 本馆介绍
  • 公告通知
  • 最新文献
  • 馆藏检索
  • 电子资源
  • 读者导购
  • 参考咨询
  • 我的图书馆
  • 登录
  • 详细信息显示
  • 放入我的书架
  • 预约/预借图书
  • 作者相关作品
  • 分类相关作品
  • 丛书相关作品
  • 出版社相关作品

书目信息

  • 表格格式
  • 工作单格式
  • 卡片格式
题名:
新理性精神文学论
    
 
作者: 钱中文 著
分册:  
出版信息: 武汉   华中师范大学出版社  2000
页数: 292页
开本: 20cm
丛书名: 新时期文艺学建设丛书
单 册:
中图分类: I0-53 , I0
科图分类:
主题词: 文学理论--文集
电子资源:
ISBN: 7-5622-2100-6
000 00978oam2 2200277 450
001 1554212442
005 20150118150354.65
010    @a7-5622-2100-6@dCNY16.00
092    @b$
100    @a20010706d2000 em y0chiy0110 ea
101 0  @achi@eeng
102    @aCN@b420000
105    @aa zr 000yy
200 1  @a新理性精神文学论@9xin li xing jing shen wen xue lun@f钱中文著
210    @a武汉@c华中师范大学出版社@d2000
215    @a292页@c彩照@d20cm
225 2  @a新时期文艺学建设丛书@h第一辑
330    @a本书收录了作者30年代以来关于文学理论诸多方面问题的思考成果,集中体现了作者力求建立一种既与中国传统文论相结合,又充分吸收西方文学理论成果,具有中国特色的、开放的、多元的、宽容的文学理论新体系。
461  0 @12001 @a新时期文艺学建设丛书
462  0 @12001@a新时期文艺学建设丛书@h第一辑
606 0  @a文学理论@j文集
690    @aI0-53@v5
690    @aI0@v4
701  0 @a钱中文@9qian zhong wen@f(1932.11~)@4著
801  0 @aCN@bTSSF@c20150118
905    @aZUCC@dI0@eJY5
    
    新理性精神文学论/钱中文著.-武汉:华中师范大学出版社,2000
    292页:彩照;20cm.-(新时期文艺学建设丛书.第一辑)
    
    
    ISBN 7-5622-2100-6:CNY16.00
    本书收录了作者30年代以来关于文学理论诸多方面问题的思考成果,集中体现了作者力求建立一种既与中国传统文论相结合,又充分吸收西方文学理论成果,具有中国特色的、开放的、多元的、宽容的文学理论新体系。
●
相关链接 在E读中查询图书 在五车中查询图书 在当当中查询图书 在豆瓣中查询图书


正题名:新理性精神文学论     索取号:I0/JY5         预约/预借

序号 登录号 条形码 馆藏地/架位号 状态 备注
1 7849154   278491543   学院路分馆/ [索取号:I0/JY5] 在馆    
唐山师范学院图书馆 欢迎您!
大连网信软件有限公司© 版权所有